Statistics for Big Brother Winners (US)

Click here to take the quiz!

General Stats

  • This quiz has been taken 624 times
  • The average score is 10 of 13

Answer Stats

HintAnswer% Correct
Season 2Will Kirby
93%
Season 10Dan Gheesling
92%
Season 7 (All-Stars)Mike Malin
92%
Season 13Rachel Reilly
92%
Season 8Dick Donato
86%
Season 11Jordan Lloyd
85%
Season 12Hayden Moss
83%
Season 4Jun Song
74%
Season 6Maggie Ausburn
70%
Season 9Adam Jasinski
68%
Season 5Drew Daniel
68%
Season 1Eddie Mcgee
68%
Season 3Lisa Donahue
66%

Score Distribution

Percentile by Number Answered

Percent of People with Each Score

Your Score History

You have not taken this quiz